Majlis konvokesyen ke- 6 [ 22 November 2011
| Corporate Author: | |
|---|---|
| Format: | Book |
| Language: | Malay |
| Published: |
Bangi :
Institut Penilaian Negara ,
2011
|
| Subjects: |
MARC
| LEADER | 00000cam a2200000 7i4500 | ||
|---|---|---|---|
| 001 | 0000024492 | ||
| 005 | 20120619.0 | ||
| 008 | 120619 my v may | ||
| 040 | |a INS | ||
| 090 | 0 | 0 | |a VCD 2051 |
| 245 | 0 | 0 | |a Majlis konvokesyen ke- 6 [ |h cakera video] : |b 22 November 2011 |
| 260 | |a Bangi : |b Institut Penilaian Negara , |c 2011 | ||
| 300 | |a 1 cakera video (1 jm 15 min.) : |b by., wrn. ; |c 4 3/4 in. | ||
| 610 | 1 | 0 | |a Institut Penilaian Negara |x Students |x Certification |
| 710 | 1 | |a Institut Penilaian Negara | |
| 999 | |a VCD0002051 |b VIDEO CD |c Media Collection |e Default branch | ||